[Event "Wch U14"]
[Site "Al Ain"]
[Date "2013.12.26"]
[Round "9"]
[White "Nero, Georg"]
[Black "Anagnostakis, Charalampos"]
[Result "1/2-1/2"]
[WhiteElo "1706"]
[BlackElo "1542"]
[PlyCount "58"]
[EventDate "2013.12.18"]
[EventType "swiss"]
[EventRounds "11"]
[EventCountry "UAE"]
[SourceTitle "CBM 158 Extra"]
[Source "ChessBase"]
[SourceDate "2014.02.28"]
[SourceVersion "1"]
[SourceVersionDate "2014.02.28"]
[SourceQuality "1"]

1. d4 d5 2. c4 c6 3. Nc3 Nf6 4. cxd5 cxd5 5. Nf3 Nc6 6. Bf4 Bf5 7. e3 a6 8. Ne5 Rc8 9. Qb3 b5 10. Be2 Nxe5 11. Bxe5 e6 12. Bxf6 Qxf6 13. Nxb5 Bc2 14. Nc7+ Rxc7 15. Qb6 Qe7 16. 0-0 Qd6 17. Qxa6 Qxa6 18. Bxa6 Bd6 19. a4 Ke7 20. Bb5 Ra8 21. Rfc1 Bb3 22. Rxc7+ Bxc7 23. g3 Bc4 24. Rc1 Ba5 25. Bxc4 Rc8 26. b3 Kd6 27. Kf1 dxc4 28. bxc4 Rb8 29. c5+ Kc6 1/2-1/2

[Event "Crete Poa op"]
[Site "Crete"]
[Date "2012.04.28"]
[Round "5"]
[White "Prokopiou, Ioannis"]
[Black "Anagnostakis, Charalampos"]
[Result "1-0"]
[WhiteElo "1518"]
[BlackElo "1520"]
[PlyCount "125"]
[EventDate "2012.04.26"]
[EventType "swiss"]
[EventRounds "7"]
[EventCountry "GRE"]
[SourceTitle "EXT 2024"]
[Source "ChessBase"]
[SourceDate "2023.10.10"]
[SourceVersion "1"]
[SourceVersionDate "2023.10.10"]
[SourceQuality "1"]

1. e4 d5 2. exd5 Qxd5 3. Nc3 Qa5 4. Bc4 Nf6 5. d3 c6 6. f3 Bf5 7. Bd2 Qc7 8. Qe2 e6 9. 0-0-0 Be7 10. g4 Bg6 11. h4 h6 12. Nh3 b5 13. Bb3 a5 14. Nf4 Bh7 15. a4 b4 16. Nb1 Nd5 17. Nxd5 cxd5 18. g5 h5 19. f4 Bf5 20. Rde1 Bg4 21. Qe5 Qxe5 22. fxe5 Nc6 23. Bf4 Rc8 24. Nd2 Nd4 25. Kb1 Nf3 26. Nxf3 Bxf3 27. Rhf1 Bg4 28. Be3 Bc5 29. d4 Ba7 30. Rc1 Ke7 31. c3 bxc3 32. Rxc3 Rxc3 33. bxc3 Rc8 34. Bd2 Bb6 35. Ka2 Bf5 36. Rc1 Bd3 37. Kb2 Kd7 38. Bc2 Be2 39. Bd1 Bxd1 40. Rxd1 Rb8 41. Ka2 Bd8 42. Rf1 Ke8 43. Bc1 Rc8 44. Kb2 Rb8+ 45. Kc2 Rc8 46. Ba3 Be7 47. Bxe7 Kxe7 48. Rb1 Kd7 49. Rb5 Ra8 50. Rb7+ Ke8 51. Kd3 Rc8 52. Ra7 g6 53. Rxa5 Rc7 54. Rc5 Ra7 55. a5 Kd8 56. c4 dxc4+ 57. Kxc4 Rb7 58. a6 Ra7 59. Kb5 Ra8 60. Kb6 Rb8+ 61. Kc6 Rc8+ 62. Kb7 Rxc5 63. dxc5 1-0

[Event "Heraklion SOI op 5th"]
[Site "Heraklion"]
[Date "2012.04.18"]
[Round "2"]
[White "Anagnostakis, Charalampos"]
[Black "Milonakis, Georgios"]
[Result "0-1"]
[WhiteElo "1520"]
[BlackElo "2182"]
[PlyCount "86"]
[EventDate "2012.04.17"]
[EventType "swiss"]
[EventRounds "7"]
[EventCountry "GRE"]
[SourceTitle "EXT 2024"]
[Source "ChessBase"]
[SourceDate "2023.10.10"]
[SourceVersion "1"]
[SourceVersionDate "2023.10.10"]
[SourceQuality "1"]

1. c4 e5 2. Nc3 Nf6 3. Nf3 Nc6 4. d3 h6 5. g3 Bc5 6. Bg2 d6 7. a3 a5 8. 0-0 0-0 9. Bd2 Bg4 10. h3 Bf5 11. Nh4 Bh7 12. Qc1 Nd4 13. Rb1 Nb3 14. Qd1 Nxd2 15. Qxd2 c6 16. b4 axb4 17. axb4 Bb6 18. b5 Qc7 19. Qb2 Rfb8 20. Ra1 Rxa1 21. Rxa1 Bd4 22. e3 Bxc3 23. Qxc3 cxb5 24. Qb3 bxc4 25. Qxc4 Qxc4 26. dxc4 Bd3 27. Ra4 g6 28. Nf3 Be4 29. Nd2 Bxg2 30. Kxg2 d5 31. cxd5 b5 32. Rb4 Nxd5 33. Rb1 b4 34. Kf3 Kf8 35. Rb3 Ke7 36. Ke4 Ke6 37. Nc4 f5+ 38. Kd3 Nc3 39. Kc2 Ne4 40. f4 Nc5 41. Rb1 b3+ 42. Kb2 e4 43. Ne5 Rd8 0-1

[Event "Heraklion SOI op 4th"]
[Site "Heraklion"]
[Date "2012.01.04"]
[Round "2"]
[White "Eleftherakis, Panagiotis"]
[Black "Anagnostakis, Charalampos"]
[Result "1/2-1/2"]
[WhiteElo "1551"]
[BlackElo "1529"]
[PlyCount "42"]
[EventDate "2012.01.04"]
[EventType "swiss"]
[EventRounds "7"]
[EventCountry "GRE"]
[SourceTitle "EXT 2024"]
[Source "ChessBase"]
[SourceDate "2023.10.10"]
[SourceVersion "1"]
[SourceVersionDate "2023.10.10"]
[SourceQuality "1"]

1. d4 d5 2. e3 c6 3. Nf3 Nf6 4. Bd3 e6 5. Nbd2 Bd6 6. b3 Nbd7 7. Bb2 Qc7 8. 0-0 0-0 9. c4 b6 10. cxd5 exd5 11. Qc2 Bb7 12. Rac1 Rac8 13. Bf5 Rfe8 14. Rfe1 Qd8 15. Qb1 Rc7 16. a3 h6 17. b4 Qa8 18. Qa1 Bf8 19. Ne5 Nxe5 20. dxe5 Nd7 21. Nb3 Re7 1/2-1/2